Proceedings of the 13th International Carpathian Control Conference (ICCC) : Vysoké Tatry, Podbanské, Slovenská republika, 28.-31.5.2012

Gespeichert in:
Bibliographische Detailangaben
Weitere Verfasser: Petráš, I. (Herausgegeben von), Podlubný, Igor (Herausgegeben von), Kostúr, Karol (Herausgegeben von), Kačur, Ján (Herausgegeben von), Mojžišová, Andrea (Herausgegeben von)
Format: Buch
Tags: Tag hinzufügen
Keine Tags, Fügen Sie das erste Tag hinzu!

MARC

LEADER 00000nam a22000003a 4500
001 stu250049
005 20150617230205.5
008 120704s--------------------------------d
020 |a 978-1-4577-1866-3 
040 |a STU  |b slo 
041 0
100 1 |a Petráš, I.  |4 edt 
245 1 |a Proceedings of the 13th International Carpathian Control Conference (ICCC) :  |b Vysoké Tatry, Podbanské, Slovenská republika, 28.-31.5.2012 
300 |c CD ROOM 
700 1 |a Podlubný, Igor  |4 edt 
700 1 |a Kostúr, Karol  |4 edt 
700 1 |a Kačur, Ján  |4 edt 
700 1 |a Mojžišová, Andrea  |4 edt 
996 |b 284EO00302  |c E*O-302  |l EE30  |s P  |a 0  |w stu250049_0001